Encyklopedia "białych plam". (Rekord nr 37129)
| 000 -ETYKIETA REKORDU | |
|---|---|
| podpole kontrolne o stałej długości | 00803nam a2200253 i 4500 |
| 001 - NUMER KONTROLNY REKORDU | |
| pole kontrolne | bg |
| 020 ## - MIĘDZYNARODOWY ZNORMALIZOWANY NUMER KSIĄŻKI - ISBN | |
| ISBN | 8391206815 (t. 1) |
| 020 ## - MIĘDZYNARODOWY ZNORMALIZOWANY NUMER KSIĄŻKI - ISBN | |
| ISBN | 8391206807 |
| 040 ## - ŹRÓDŁO KATALOGOWANIA | |
| Instytucja, która utworzyła rekord | BPK |
| 041 0# - KOD JĘZYKA | |
| Kod języka tekstu | pol |
| 080 ## - UNIWERSALNA KLASYFIKACJA DZIESIĘTNA - UKD | |
| UKD | 0/9 |
| 080 ## - UNIWERSALNA KLASYFIKACJA DZIESIĘTNA - UKD | |
| UKD | (03) |
| 920 ## - Międzynarodowy znormalizowany numer książki – ISBN | |
| ISBN | 83-912068-1-5 (t. 1) |
| 920 ## - Międzynarodowy znormalizowany numer książki – ISBN | |
| ISBN | 83-912068-0-7 |
| 008 - POLE O STAŁEJ DŁUGOŚCI - DANE KONTROLNE | |
| podpole kontrolne o stałej długości | s pl f |000 0 pol |
| 245 00 - TYTUŁ/ODPOWIEDZIALNOŚĆ | |
| Tytuł | Encyklopedia "białych plam". |
| Oznaczenie części/sekcji dzieła | T.1, |
| Tytuł części/sekcji dzieła | Abakanowicz Piotr - Armia Ludowa / |
| Pozostałe elementy strefy tytułu i oznaczenia odpowiedzialności | [red. Marzena Korytkowska et al. ; aut. haseł Czesław Stanisław Bartnik et al.]. |
| 260 ## - STREFA ADRESU WYDAWNICZEGO | |
| Miejsce wydania | Radom : |
| Nazwa wydawcy/dystrybutora | Polskie Wydawnictwo Encyklopedyczne, |
| Data publikacji, dystrybucji/powstania dokumentu | 2000. |
| 300 ## - STREFA OPISU FIZYCZNEGO | |
| Objętość | 320 s. ; |
| Rozmiary | 24 cm. |
| 504 ## - UWAGA DOTYCZĄCA BIBLIOGRAFII | |
| Informacje o bibliografii | Bibliogr. przy hasłach. |
| 650 #4 - HASŁO PRZEDMIOTOWE W FORMIE NAZWY OGÓLNEJ LUB JEDNOSTKOWEJ | |
| Nazwa ogólna lub geograficzna | Encyklopedia polska |
| 700 1# - HASŁO DODATKOWE - NAZWA OSOBOWA | |
| Nazwa osobowa | Korytkowska, Marzena. |
| Określenie związku między hasłem a opisywanym materiałem | Red. |
| 700 1# - HASŁO DODATKOWE - NAZWA OSOBOWA | |
| Nazwa osobowa | Bartnik, Czesław Stanisław |
| Daty związane z nazwą | (1929- ). |
| 856 ## - LOKALIZACJA I DOSTĘP DO ELEKTRONICZNYCH DOKUMENTÓW ZDALNYCH | |
| Link (URL) | http://koha.tu.koszalin.pl/cgi-bin/koha/opac-detail.pl?biblionumber=37129 |
| Tekst linku | Katalog online BPK |
| 942 ## - DODATKOWE ELEMENTY (KOHA) | |
| Typ dokumentu | Książka |
| Wycofany | Status egzemplarza | Uszkodzony | Dostępność | Lokalizacja stała | Lokalizacja bieżąca | Miejsce przechowywania | Sygnatura | Kod kreskowy | Typ dokumentu |
|---|---|---|---|---|---|---|---|---|---|
| Tylko na miejscu | Biblioteka Politechniki Koszalińskiej | Biblioteka Politechniki Koszalińskiej | Czytelnia Wydziałowa ul. Kwiatkowskiego 6e | 52785 | 01483635 | Książka | |||
| Tylko na miejscu | Biblioteka Politechniki Koszalińskiej | Biblioteka Politechniki Koszalińskiej | Czytelnia Wydziałowa ul. Kwiatkowskiego 6e | 69238 | 02046112 | Książka |
